Agroforestry for soil management / (Record no. 19296)

000 -LEADER
fixed length control field 00660pam a2200205 a 4500
020 ## - INTERNATIONAL STANDARD BOOK NUMBER
ISBN 0851991890 (alk. paper)
040 ## - CATALOGING SOURCE
Transcribing agency DLC
082 00 - DEWEY DECIMAL CLASSIFICATION NUMBER
Classification number 631 MOO 1990 C162 Or.
100 1# - MAIN ENTRY--AUTHOR NAME
Personal name Young, Anthony,
245 10 - TITLE STATEMENT
Title Agroforestry for soil management /
250 ## - EDITION STATEMENT
Edition statement 2nd ed
260 ## - PUBLICATION, DISTRIBUTION, ETC. (IMPRINT)
Place of publication New York :
Name of publisher CAB International in association with the International Centre for Research in Agroforestry,
Year of publication 1997
300 ## - PHYSICAL DESCRIPTION
Number of Pages viii, 320 p. :
Other physical details ill. ;
Dimensions 24 cm
500 ## - GENERAL NOTE
General note Rev. ed. of: Agroforestry for soil conservation. 1st ed. c1989
650 #0 - SUBJECT ADDED ENTRY--TOPICAL TERM
Topical Term Agroforestry
650 #0 - SUBJECT ADDED ENTRY--TOPICAL TERM
Topical Term Soil conservation
650 #0 - SUBJECT ADDED ENTRY--TOPICAL TERM
Topical Term Soil fertility
700 1# - ADDED ENTRY--PERSONAL NAME
Personal name Young, Anthony,
942 ## - ADDED ENTRY ELEMENTS (KOHA)
Koha item type ADB
952 ## - LOCATION AND ITEM INFORMATION (KOHA)
Withdrawn status [LOCAL, KOHA] 0
Holdings
Source of acquisition Permanent Location Date acquired Koha item type Lost status Shelving location Current Location Full call number
A35222Library Block C2020-09-07សៀវភៅភាសាអង់គ្លេស C162Library Block C631 MOO 1990 C162 Or.
មជ្ឈមណ្ឌលឯការនៃសាកលវិទ្យាល័យភូមិន្ទកសិកម្មចំការដូង

Powered by Koha